| 000 | 00765nam a2200217Ii 4500 | ||
|---|---|---|---|
| 003 | JO-AjNU | ||
| 008 | 230605s9999||||xx |||||||||||||| ||und|| | ||
| 017 | _a1997/2048 | ||
| 020 | _a977-01-5076-2 | ||
| 040 |
_aJO-AjNU _bara _erda _cJO-AjNU |
||
| 041 | _aara | ||
| 050 | 1 | 4 | _aBP170.B3576 1997 |
| 100 | 3 |
_aالبنا، رجب, _eauthor _914473 |
|
| 245 | 0 | 0 | _aالأمية الدينية والحرب ضد الإسلام |
| 264 | 3 | 1 | _aالقاهرة: الهيئة المصرية العامة للكتاب، 1997 |
| 300 | _a223ص | ||
| 336 |
_atext _btxt _2rdacontent |
||
| 337 |
_aunmediated _bn _2rdamedia |
||
| 338 |
_avolume _bnc _2rdacarrier |
||
| 650 | 4 |
_aالثقافة الإسلامية- الإسلام والغرب- الإسلام والإرهاب _914474 |
|
| 999 |
_aA3868 _c7436 _d7436 |
||